000 00310 a2200109 4500
001 ART_18789
005 20260410161920.0
008 260409a
245 1 0 _aSuspensiones y despidos
100 1 _aRubio, Valentín
773 0 _tLa información
_g- Tomo XXXVII, Nº 580 (abr. 1978)
_wREV14902
999 _c27612
_d27612